[Event "4MCR_4D_1L_2S"]
[Site "CR"]
[Date "2000.??.??"]
[Round "?"]
[White "Rybak, Radek"]
[Black "Vavrla, Zdenek"]
[Result "1/2-1/2"]
[WhiteElo "2445"]
[BlackElo "2405"]
[PlyCount "84"]
[EventDate "2000.??.??"]
[EventType "tourn (corr)"]

1. e4 e5 2. Nf3 Nc6 3. Bc4 Bc5 4. b4 Bxb4 5. c3 Be7 6. d4 Na5 7. Nxe5 Nxc4 8.
Nxc4 d5 9. exd5 Qxd5 10. Ne3 Qd8 11. Ba3 Nf6 12. O-O O-O 13. Bxe7 Qxe7 14. c4
b6 15. Nc3 Bb7 16. Re1 Qd7 17. Qd3 Rfe8 18. Rad1 Rad8 19. d5 c6 20. Qd4 h6 21.
f3 Bc8 22. Nc2 Rxe1+ 23. Rxe1 Qd6 24. Ne4 Nxe4 25. fxe4 f6 26. e5 fxe5 27. Rxe5
Bd7 28. Qe4 Rf8 29. h3 Qf6 30. Ne3 Rf7 31. dxc6 Qxc6 32. Nd5 Qc5+ 33. Kh2 Qd6
34. Kg1 g6 35. Qd4 Qf8 36. Qe3 Qd6 37. a4 Kh7 38. a5 bxa5 39. c5 Qc6 40. Ne7
Qf6 41. Kh2 Bb5 42. Re4 Rf8 1/2-1/2

[Event "4MCR_4D_1L_2S"]
[Site "CR"]
[Date "2000.??.??"]
[Round "?"]
[White "Svihel, Karel"]
[Black "Blatsky, Libor"]
[Result "1/2-1/2"]
[WhiteElo "2295"]
[BlackElo "2285"]
[PlyCount "104"]
[EventDate "2000.??.??"]
[EventType "tourn (corr)"]

1. e4 e5 2. Nf3 Nf6 3. Nc3 Nc6 4. Bb5 Nd4 5. Ba4 c6 6. Nxe5 d6 7. Nf3 Bg4 8. d3
d5 9. Be3 Nxf3+ 10. gxf3 Bh5 11. exd5 Nxd5 12. Nxd5 Qxd5 13. Bb3 Qf5 14. Rg1
Bxf3 15. Qd2 h6 16. Qc3 O-O-O 17. Kd2 Bd6 18. Rxg7 Be5 19. Qc5 Bd5 20. Rgg1
Bxb2 21. Qxa7 Bxa1 22. Rxa1 Qe5 23. Rb1 Qb8 24. Qa4 Rhg8 25. Bxd5 Rxd5 26. Rb4
Rg6 27. Re4 Kd7 28. Bf4 Qc8 29. Qb4 c5 30. Qa4+ Qc6 31. Qa8 Re6 32. Rxe6 Kxe6
33. Bxh6 c4 34. Be3 cxd3 35. cxd3 Rh5 36. Qf8 Qd5 37. a3 Rxh2 38. Qc8+ Kf6 39.
Qf8 Rh4 40. Kc3 Ra4 41. Bc5 Ra6 42. Qh6+ Kf5 43. Qh5+ Ke6 44. Qh3+ Qf5 45. Qe3+
Kd7 46. Qe7+ Kc8 47. Qe8+ Kc7 48. Qe7+ Qd7 49. Qe5+ Kc8 50. Qh8+ Qd8 51. Qxd8+
Kxd8 52. Kc4 Rf6 1/2-1/2

[Event "4MCR_4D_1L_2S"]
[Site "CR"]
[Date "2000.??.??"]
[Round "?"]
[White "Svihel, Karel"]
[Black "Galuska, Josef"]
[Result "0-1"]
[WhiteElo "2295"]
[BlackElo "2335"]
[PlyCount "80"]
[EventDate "2000.??.??"]
[EventType "tourn (corr)"]

1. d4 d5 2. c4 e6 3. Nc3 Nf6 4. Nf3 c6 5. Bg5 h6 6. Bh4 dxc4 7. e4 g5 8. Bg3 b5
9. Be2 Bb7 10. h4 g4 11. Ne5 Rg8 12. Nxg4 Nxg4 13. Bxg4 Nd7 14. O-O Qb6 15. Bh5
Nf6 16. Be5 Nxh5 17. Qxh5 b4 18. Ne2 c5 19. d5 exd5 20. exd5 Qg6 21. Nf4 Qxh5
22. Nxh5 O-O-O 23. Nf6 Rg6 24. h5 Rg5 25. f4 Rg3 26. Rac1 Bxd5 27. Nxd5 Rxd5
28. Rxc4 Be7 29. Re4 Rg4 30. b3 Bh4 31. Re2 Bg3 32. Rc2 Kb7 33. Rcc1 f6 34.
Bxf6 Rxh5 35. Rc4 Bh2+ 36. Kf2 Rf5 37. Be5 Bxf4 38. Bxf4 Rgxf4+ 39. Rxf4 Rxf4+
40. Ke2 Rxf1 0-1

[Event "4MCR_4D_1L_2S"]
[Site "CR"]
[Date "2000.??.??"]
[Round "?"]
[White "Svihel, Karel"]
[Black "Hala, Martin"]
[Result "1/2-1/2"]
[WhiteElo "2295"]
[BlackElo "2420"]
[PlyCount "57"]
[EventDate "2000.??.??"]
[EventType "tourn (corr)"]

1. e4 e5 2. Nf3 Nc6 3. Bb5 a6 4. Ba4 Nf6 5. O-O Nxe4 6. d4 b5 7. Bb3 d5 8. dxe5
Be6 9. Nbd2 Nc5 10. c3 d4 11. Bxe6 Nxe6 12. cxd4 Ncxd4 13. a4 Be7 14. Nxd4 Nxd4
15. axb5 Nxb5 16. Qg4 O-O 17. Nf3 Qc8 18. Qg3 Qe6 19. Ra4 Rfe8 20. Re1 Rad8 21.
Bg5 c5 22. Rg4 g6 23. Bxe7 Qxe7 24. Ra4 Nd4 25. Nxd4 cxd4 26. Qd3 Qc5 27. Rxa6
Rxe5 28. Rxe5 Qxe5 29. Ra1 1/2-1/2

[Event "4MCR_4D_1L_2S"]
[Site "CR"]
[Date "2000.??.??"]
[Round "?"]
[White "Svihel, Karel"]
[Black "Jirku, Jaroslav"]
[Result "1/2-1/2"]
[WhiteElo "2295"]
[BlackElo "2225"]
[PlyCount "29"]
[EventDate "2000.??.??"]
[EventType "tourn (corr)"]

1. e4 e5 2. Nf3 Nc6 3. d4 exd4 4. Nxd4 Nf6 5. Nxc6 bxc6 6. e5 Qe7 7. Qe2 Nd5 8.
c4 Nb6 9. b3 Qh4 10. a3 Bc5 11. g3 Bxf2+ 12. Qxf2 Qe4+ 13. Kd1 Qxh1 14. Nd2 f5
15. Kc2 1/2-1/2

[Event "4MCR_4D_1L_2S"]
[Site "CR"]
[Date "2000.??.??"]
[Round "?"]
[White "Svihel, Karel"]
[Black "Kuta, Jiri"]
[Result "1/2-1/2"]
[WhiteElo "2295"]
[BlackElo "2365"]
[PlyCount "107"]
[EventDate "2000.??.??"]
[EventType "tourn (corr)"]

1. d4 Nf6 2. c4 g6 3. Nc3 Bg7 4. e4 d6 5. Nf3 O-O 6. Be2 Nbd7 7. O-O e5 8. Be3
c6 9. Qc2 Qe7 10. Rad1 exd4 11. Nxd4 Re8 12. f3 d5 13. cxd5 cxd5 14. Ndb5 dxe4
15. fxe4 Ne5 16. Rxf6 Qxf6 17. Nc7 Bg4 18. Nxe8 Rxe8 19. Bxa7 Bxe2 20. Qxe2 Nc6
21. Bc5 Qe6 22. Rd6 Qe7 23. Kh1 Qh4 24. g3 Qg5 25. Rd5 Qc1+ 26. Rd1 Qg5 27. Nd5
Qe5 28. b4 Qxe4+ 29. Qxe4 Rxe4 30. b5 Nd4 31. Nc3 Rg4 32. h3 Rxg3 33. Bxd4 Bxd4
34. Ne4 Rxh3+ 35. Kg2 Rh5 36. Rxd4 Rxb5 37. a4 Rb2+ 38. Kf3 b5 39. a5 Ra2 40.
Rd8+ Kg7 41. Ra8 b4 42. Nc5 h5 43. a6 b3 44. Nxb3 Ra3 45. Rb8 Rxa6 46. Nc5 Rf6+
47. Kg2 g5 48. Ne4 Re6 49. Kf3 f6 50. Ra8 h4 51. Rd8 Re5 52. Rd4 Rf5+ 53. Kg4
Kg6 54. Nxf6 1/2-1/2

[Event "4MCR_4D_1L_2S"]
[Site "CR"]
[Date "2000.??.??"]
[Round "?"]
[White "Svihel, Karel"]
[Black "Rybak, Radek"]
[Result "1/2-1/2"]
[WhiteElo "2295"]
[BlackElo "2200"]
[PlyCount "48"]
[EventDate "2000.??.??"]
[EventType "tourn (corr)"]

1. e4 e5 2. Nf3 Nc6 3. d4 exd4 4. Nxd4 Qf6 5. Nb5 Bc5 6. Qe2 Bb6 7. N1c3 Ba5 8.
Bd2 a6 9. Na3 Nge7 10. Nc4 Bb4 11. Nd5 Bxd2+ 12. Qxd2 Nxd5 13. exd5 Ne5 14. Qe3
O-O 15. Qxe5 Qxe5+ 16. Nxe5 Re8 17. O-O-O Rxe5 18. d6 b5 19. f4 Rc5 20. b4 Rc6
21. Be2 Rxd6 22. Rxd6 cxd6 23. Bf3 Rb8 24. Rd1 Rb6 1/2-1/2

[Event "4MCR_4D_1L_2S"]
[Site "CR"]
[Date "2000.??.??"]
[Round "?"]
[White "Svihel, Karel"]
[Black "Vavrla, Zdenek"]
[Result "0-1"]
[WhiteElo "2295"]
[BlackElo "2405"]
[PlyCount "68"]
[EventDate "2000.??.??"]
[EventType "tourn (corr)"]

1. Nf3 d5 2. d4 c6 3. c4 e6 4. Nc3 dxc4 5. Bg5 Be7 6. Bxe7 Nxe7 7. e4 b5 8. a4
Ba6 9. Be2 O-O 10. O-O b4 11. Na2 c5 12. Rc1 c3 13. Bxa6 cxb2 14. Rxc5 Nxa6 15.
Rb5 Rb8 16. Qb1 Rxb5 17. axb5 Qa5 18. bxa6 b3 19. Qxb2 Qxa2 20. Rb1 Rc8 21. Nd2
Qxb2 22. Rxb2 Nc6 23. Rxb3 Nxd4 24. Rb1 g6 25. e5 Rc6 26. Ne4 Rxa6 27. Nf6+ Kg7
28. Ne8+ Kh6 29. h4 Rb6 30. Ra1 Nc6 31. g3 a5 32. f4 Rb4 33. Nd6 Kh5 34. Nxf7
Kg4 0-1

[Event "4MCR_4D_1L_2S"]
[Site "CR"]
[Date "2000.??.??"]
[Round "?"]
[White "Svoboda, Frantisek"]
[Black "Bazant, Petr"]
[Result "1/2-1/2"]
[WhiteElo "2420"]
[BlackElo "2385"]
[PlyCount "58"]
[EventDate "2000.??.??"]
[EventType "tourn (corr)"]

1. c4 e6 2. Nc3 d5 3. d4 Be7 4. cxd5 exd5 5. Bf4 c6 6. e3 Bf5 7. g4 Be6 8. h3
h5 9. gxh5 Nd7 10. Be2 Ndf6 11. Rh2 Nh6 12. Rg2 Nf5 13. Bg5 Nd6 14. Bxf6 Bxf6
15. Bg4 Bf5 16. Qb3 Qb6 17. Qxb6 axb6 18. Nf3 b5 19. Nd2 Bd3 20. Ne2 Nc4 21.
Nxc4 bxc4 22. a3 Ke7 23. Kd2 Kd6 24. Nc3 Bh7 25. Rag1 Ke7 26. Bf3 Bf5 27. Rg3
Rad8 28. Bg4 Bd3 29. Na4 Be4 1/2-1/2

[Event "4MCR_4D_1L_2S"]
[Site "CR"]
[Date "2000.??.??"]
[Round "?"]
[White "Svoboda, Frantisek"]
[Black "Galuska, Josef"]
[Result "1-0"]
[WhiteElo "2420"]
[BlackElo "2335"]
[PlyCount "59"]
[EventDate "2000.??.??"]
[EventType "tourn (corr)"]

1. c4 Nf6 2. Nc3 g6 3. g3 Bg7 4. Bg2 O-O 5. d4 d6 6. Nf3 Nc6 7. O-O a6 8. h3
Rb8 9. e4 b5 10. e5 Nd7 11. cxb5 axb5 12. Ng5 dxe5 13. Bxc6 exd4 14. Nxb5 Rb6
15. Na7 Nb8 16. Bg2 Bb7 17. Nf3 Qd7 18. a4 Bxf3 19. Qxf3 c6 20. Nxc6 Nxc6 21.
a5 Ra6 22. Qd3 Qa7 23. Bf4 Ne5 24. Bxe5 Bxe5 25. b4 Rb8 26. Rfc1 Bg7 27. Bf1
Rd6 28. b5 e5 29. b6 Qe7 30. Bg2 1-0

[Event "4MCR_4D_1L_2S"]
[Site "CR"]
[Date "2000.??.??"]
[Round "?"]
[White "Svoboda, Frantisek"]
[Black "Jirku, Jaroslav"]
[Result "1-0"]
[WhiteElo "2420"]
[BlackElo "2225"]
[PlyCount "81"]
[EventDate "2000.??.??"]
[EventType "tourn (corr)"]

1. c4 c5 2. Nf3 Nf6 3. d4 cxd4 4. Nxd4 e6 5. Nc3 Bb4 6. g3 Ne4 7. Qd3 Qa5 8.
Nb3 Nxc3 9. Bd2 Ne4 10. Qxe4 Bxd2+ 11. Nxd2 O-O 12. Bg2 Nc6 13. Qc2 d5 14. O-O
Qb6 15. e3 Rd8 16. Rfd1 d4 17. c5 Qc7 18. Nc4 dxe3 19. fxe3 Bd7 20. Nd6 Rf8 21.
a3 a5 22. Qb3 Bc8 23. Qb5 a4 24. Qb6 Qb8 25. b4 axb3 26. Qxb3 Rd8 27. Nc4 Rf8
28. Bxc6 bxc6 29. Qxb8 Rxb8 30. Rd6 Rb3 31. Rxc6 Rc3 32. Nd6 Bd7 33. Rc7 Ba4
34. e4 h6 35. Rb1 Bc2 36. Rc1 Ra8 37. Nb5 Rc4 38. c6 Ra6 39. Rc8+ Kh7 40. c7
Rac6 41. Rd8 1-0

[Event "4MCR_4D_1L_2S"]
[Site "CR"]
[Date "2000.??.??"]
[Round "?"]
[White "Svoboda, Frantisek"]
[Black "Pletanek, Jan"]
[Result "1-0"]
[WhiteElo "2420"]
[BlackElo "2440"]
[PlyCount "63"]
[EventDate "2000.??.??"]
[EventType "tourn (corr)"]

1. c4 Nf6 2. Nc3 g6 3. g3 Bg7 4. Bg2 O-O 5. d4 d6 6. Nf3 c5 7. O-O Nc6 8. d5
Na5 9. Nd2 Rb8 10. Qc2 e6 11. b3 exd5 12. cxd5 b5 13. Bb2 b4 14. Nd1 Re8 15.
Re1 Ba6 16. Ne3 Bb5 17. a3 a6 18. a4 Bd7 19. Nec4 Nb7 20. e4 Re7 21. f4 Qc7 22.
Qc1 Ne8 23. Bxg7 Kxg7 24. Qb2+ Kg8 25. e5 Bf5 26. Rad1 Rd8 27. Ne3 Ng7 28. g4
Bc8 29. Ne4 Ne8 30. e6 c4 31. bxc4 Nc5 32. f5 1-0

[Event "4MCR_4D_1L_2S"]
[Site "CR"]
[Date "2000.??.??"]
[Round "?"]
[White "Svoboda, Frantisek"]
[Black "Riha, Jan"]
[Result "1/2-1/2"]
[WhiteElo "2420"]
[BlackElo "2305"]
[PlyCount "62"]
[EventDate "2000.??.??"]
[EventType "tourn (corr)"]

1. c4 Nf6 2. Nc3 g6 3. g3 Bg7 4. Bg2 O-O 5. Nf3 d6 6. d4 Nbd7 7. O-O e5 8. e4
c6 9. h3 Qb6 10. Re1 exd4 11. Nxd4 Ne8 12. Nb3 a5 13. Be3 Qb4 14. a3 Qxc4 15.
Nd4 f6 16. Bf1 Qf7 17. b3 Nc7 18. Bc4 d5 19. exd5 Ne5 20. dxc6 Nxc4 21. bxc4
Qxc4 22. Rc1 Qf7 23. Ne4 Rd8 24. Qb3 Qxb3 25. Nxb3 Nd5 26. cxb7 Bxb7 27. Bd2 a4
28. Na5 Ba6 29. Nc6 Re8 30. Nb4 Nxb4 31. Bxb4 f5 1/2-1/2

[Event "4MCR_4D_1L_2S"]
[Site "CR"]
[Date "2000.??.??"]
[Round "?"]
[White "Svoboda, Frantisek"]
[Black "Svihel, Karel"]
[Result "1/2-1/2"]
[WhiteElo "2420"]
[BlackElo "2295"]
[PlyCount "61"]
[EventDate "2000.??.??"]
[EventType "tourn (corr)"]

1. c4 c6 2. Nc3 d5 3. d4 Nf6 4. Nf3 e6 5. Bg5 h6 6. Bxf6 Qxf6 7. e3 Nd7 8. Bd3
dxc4 9. Bxc4 g6 10. O-O Bg7 11. Rc1 O-O 12. e4 e5 13. d5 Nb6 14. dxc6 bxc6 15.
Be2 Rd8 16. Qc2 Be6 17. Nd1 Rd6 18. Ne3 Rad8 19. b4 h5 20. Rfd1 Bh6 21. Rxd6
Rxd6 22. Qc3 Bg4 23. a3 Bf4 24. h3 Bxf3 25. Bxf3 Qd8 26. Qb3 Rd3 27. Rc3 Rxc3
28. Qxc3 Qd4 29. Qxc6 Qa1+ 30. Nf1 Qxa3 31. b5 1/2-1/2

[Event "4MCR_4D_1L_2S"]
[Site "CR"]
[Date "2000.??.??"]
[Round "?"]
[White "Svoboda, Frantisek"]
[Black "Sykora, Josef"]
[Result "1/2-1/2"]
[WhiteElo "2420"]
[BlackElo "2310"]
[PlyCount "83"]
[EventDate "2000.??.??"]
[EventType "tourn (corr)"]

1. c4 Nf6 2. Nc3 e5 3. Nf3 Nc6 4. g3 d5 5. cxd5 Nxd5 6. Bg2 Nb6 7. O-O Be7 8.
d3 O-O 9. a3 Re8 10. b4 Bf8 11. Rb1 Nd4 12. Nd2 c6 13. e3 Ne6 14. Qc2 Nc7 15.
Nce4 Ncd5 16. Nc4 Bf5 17. Na5 Rb8 18. Nc5 Bc8 19. Rd1 Bd6 20. Bb2 Qe7 21. d4
exd4 22. Bxd4 Be5 23. Bxe5 Qxe5 24. Rb3 Qc7 25. Rbd3 Nf6 26. Rd4 Nbd7 27. Nxd7
Bxd7 28. R1d2 a6 29. Nc4 Be6 30. Nd6 Red8 31. Qd1 Rf8 32. e4 Ne8 33. e5 f6 34.
Re2 fxe5 35. Rxe5 Bf7 36. Nxf7 Rxf7 37. Rde4 Nf6 38. Re1 Rd8 39. Qc1 Rdf8 40.
Bh3 Kh8 41. Qe3 Qd8 42. f4 1/2-1/2

[Event "4MCR_4D_1L_2S"]
[Site "CR"]
[Date "2000.??.??"]
[Round "?"]
[White "Sykora, Josef"]
[Black "Blatsky, Libor"]
[Result "1/2-1/2"]
[WhiteElo "2310"]
[BlackElo "2285"]
[PlyCount "79"]
[EventDate "2000.??.??"]
[EventType "tourn (corr)"]

1. c4 e5 2. Nc3 Nf6 3. Nf3 Nc6 4. g3 Bb4 5. Bg2 O-O 6. O-O e4 7. Ng5 Bxc3 8.
bxc3 Re8 9. f3 e3 10. d3 d5 11. Qb3 Na5 12. Qa3 c6 13. cxd5 cxd5 14. f4 Nc6 15.
Rb1 Qc7 16. Bb2 Bg4 17. Rfe1 Rad8 18. Qa4 h6 19. Nf3 b6 20. Nd4 Nxd4 21. Qxd4
Qd7 22. Bc1 Qe6 23. a4 Rb8 24. a5 bxa5 25. Rxb8 Rxb8 26. Qxa7 Rb1 27. Kf1 Bh3
28. Qxa5 Bxg2+ 29. Kxg2 Qc6 30. Kg1 Ng4 31. Rf1 Rb3 32. h3 Rxc3 33. Qa1 Nf2 34.
Bxe3 Nxh3+ 35. Kh2 Rc2 36. Re1 Qe6 37. Qb1 Rc6 38. Qb7 Rc8 39. Bd4 h5 40. e4
1/2-1/2

[Event "4MCR_4D_1L_2S"]
[Site "CR"]
[Date "2000.??.??"]
[Round "?"]
[White "Sykora, Josef"]
[Black "Galuska, Josef"]
[Result "0-1"]
[WhiteElo "2310"]
[BlackElo "2335"]
[PlyCount "136"]
[EventDate "2000.??.??"]
[EventType "tourn (corr)"]

1. c4 Nf6 2. Nf3 g6 3. g3 Bg7 4. Bg2 O-O 5. O-O d6 6. d4 Nc6 7. Nc3 a6 8. h3
Rb8 9. Be3 b5 10. Nd2 Bd7 11. Rc1 e6 12. cxb5 axb5 13. Bg5 h6 14. Bxf6 Bxf6 15.
e3 Ne7 16. Qc2 Bg7 17. Ne2 c6 18. Rfd1 Nd5 19. e4 Nb6 20. a3 Qe7 21. Qd3 Rfc8
22. Rc2 c5 23. dxc5 dxc5 24. Qe3 Kh7 25. Rdc1 c4 26. e5 Nd5 27. Qe4 Bc6 28. Nd4
Bb7 29. Qe2 Ba6 30. Ra1 Qa7 31. N2f3 Qb6 32. b3 b4 33. bxc4 b3 34. Rb2 Bxc4 35.
Qe1 Qa7 36. Bf1 Bxf1 37. Kxf1 f6 38. exf6 Bxf6 39. Rd1 Qxa3 40. Rdd2 Rb6 41.
Kg2 Qa6 42. Ne5 Qb7 43. Kh2 Ne7 44. Rd3 Rd8 45. Rbxb3 Rxd4 46. Rxb6 Qxb6 47.
Nd7 Rxd7 48. Rxd7 Kg7 49. Qd2 e5 50. f3 Bg5 51. Qe2 Kf8 52. Qa2 Qb5 53. Rc7 Be3
54. Kg2 Bb6 55. Rc1 Kg7 56. Qc4 Qd7 57. Qe2 Bd4 58. Qe4 Nd5 59. Rb1 Qf7 60. Re1
g5 61. Rc1 h5 62. Kh1 Nc3 63. Qd3 g4 64. hxg4 hxg4 65. Kg2 Qa2+ 66. Qc2 gxf3+
67. Kxf3 Qd5+ 68. Kg4 e4 0-1

[Event "4MCR_4D_1L_2S"]
[Site "CR"]
[Date "2000.??.??"]
[Round "?"]
[White "Sykora, Josef"]
[Black "Jirku, Jaroslav"]
[Result "1/2-1/2"]
[WhiteElo "2225"]
[BlackElo "2310"]
[PlyCount "91"]
[EventDate "2000.??.??"]
[EventType "tourn (corr)"]

1. c4 c5 2. Nf3 Nf6 3. g3 b6 4. Bg2 Bb7 5. O-O g6 6. d4 cxd4 7. Qxd4 Bg7 8. Nc3
Nc6 9. Qf4 O-O 10. Qh4 Na5 11. Bg5 Qc7 12. b3 d5 13. Rad1 dxc4 14. b4 Nc6 15.
Qxc4 Qc8 16. Rc1 Rd8 17. Qh4 Qe6 18. b5 Na5 19. Rfe1 Qc4 20. e4 Qb4 21. e5 Qxh4
22. Bxh4 Nd5 23. Nxd5 Rxd5 24. Bxe7 Rxb5 25. Rc7 Rc8 26. Rd7 Bxf3 27. Bxf3 Rxe5
28. Red1 Bf8 29. Bxf8 Kxf8 30. Rxa7 Re7 31. Rxe7 Kxe7 32. Rb1 Rb8 33. a4 f5 34.
h4 Kd6 35. Kg2 Kc7 36. h5 Rf8 37. hxg6 hxg6 38. Bd5 Rf6 39. Rh1 Kd6 40. Bg8 Nb7
41. Rb1 Kc6 42. Bc4 Nd6 43. Bd3 Kc5 44. Bc2 Nc4 45. Rb5+ Kd4 46. Rb3 1/2-1/2

[Event "4MCR_4D_1L_2S"]
[Site "CR"]
[Date "2000.??.??"]
[Round "?"]
[White "Sykora, Josef"]
[Black "Riha, Jan"]
[Result "0-1"]
[WhiteElo "2310"]
[BlackElo "2305"]
[PlyCount "84"]
[EventDate "2000.??.??"]
[EventType "tourn (corr)"]

1. c4 Nf6 2. Nf3 b6 3. g3 Bb7 4. Bg2 e6 5. O-O Be7 6. d4 O-O 7. Nc3 Ne4 8. Bd2
f5 9. Rc1 Bf6 10. d5 Na6 11. Be1 Nac5 12. Nd4 Qe7 13. e3 Nxc3 14. Bxc3 Ne4 15.
Be1 c5 16. dxc6 dxc6 17. f3 Ng5 18. f4 Ne4 19. Bxe4 fxe4 20. Bc3 c5 21. Nb5
Rad8 22. Bxf6 Rxf6 23. Qe2 a6 24. Nc3 Rd3 25. Rfd1 Qd7 26. Rc2 b5 27. cxb5 axb5
28. Rdc1 e5 29. fxe5 Rf3 30. Nd1 c4 31. a4 Ba6 32. axb5 Bxb5 33. Nf2 Qd5 34.
Ra1 h6 35. Qe1 Rdxe3 36. Qa5 Kh7 37. Qc7 Rf5 38. Ng4 Ref3 39. Nf6+ Rxf6 40.
exf6 Rxf6 41. h4 Bc6 42. Kh2 e3 0-1

[Event "4MCR_4D_1L_2S"]
[Site "CR"]
[Date "2000.??.??"]
[Round "?"]
[White "Sykora, Josef"]
[Black "Rybak, Radek"]
[Result "1/2-1/2"]
[WhiteElo "2310"]
[BlackElo "2200"]
[PlyCount "84"]
[EventDate "2000.??.??"]
[EventType "tourn (corr)"]

1. c4 e6 2. g3 d5 3. Bg2 Nf6 4. Nf3 Be7 5. O-O O-O 6. d4 c5 7. cxd5 Nxd5 8.
dxc5 Bxc5 9. Qc2 Qc7 10. Nc3 Nxc3 11. Qxc3 Qb6 12. a3 a5 13. b3 f6 14. Bb2 Bd7
15. Nd2 Bc6 16. Bh3 Re8 17. Rac1 Nd7 18. Nc4 Qa7 19. b4 axb4 20. axb4 Bf8 21.
Ra1 Qb8 22. Rxa8 Qxa8 23. Ra1 Qb8 24. Rd1 Ba4 25. Rd4 Qc7 26. Na5 Qxc3 27. Bxc3
b6 28. Nc4 Kf7 29. Nd6+ Bxd6 30. Rxd6 Rc8 31. Bd2 Rc2 32. e4 Bb5 33. f4 g6 34.
Be3 Rb2 35. Bd2 Rb1+ 36. Kf2 Rb2 37. Ke3 Rb3+ 38. Kf2 Rb2 39. Ke3 Rb3+ 40. Kf2
Rb2 41. Ke3 Rb3+ 42. Kf2 Rb2 1/2-1/2

[Event "4MCR_4D_1L_2S"]
[Site "CR"]
[Date "2000.??.??"]
[Round "?"]
[White "Sykora, Josef"]
[Black "Svihel, Karel"]
[Result "1/2-1/2"]
[WhiteElo "2310"]
[BlackElo "2295"]
[PlyCount "74"]
[EventDate "2000.??.??"]
[EventType "tourn (corr)"]

1. c4 e5 2. Nc3 Nf6 3. Nf3 Nc6 4. g3 d5 5. cxd5 Nxd5 6. Bg2 Nb6 7. O-O Be7 8.
a3 O-O 9. b4 Be6 10. Rb1 f6 11. d3 a5 12. bxa5 Rxa5 13. Nb5 Na7 14. Nxa7 Rxa7
15. Ne1 Nd5 16. Qd2 Qd7 17. Nc2 Rd8 18. Bb2 b5 19. Rfc1 c5 20. Ne3 Nb6 21. Qc2
Rc8 22. Ra1 Na4 23. Rcb1 Bd8 24. Bc3 Bb6 25. Be1 f5 26. Rc1 f4 27. Nd1 c4 28.
dxc4 Rxc4 29. Qd3 Rd4 30. Qb1 Nc5 31. e3 fxe3 32. Nxe3 Nb3 33. Rc6 Rd6 34. Rxd6
Qxd6 35. Ra2 Rxa3 36. Rxa3 Qxa3 37. Nd5 Bc5 1/2-1/2

[Event "4MCR_4D_1L_2S"]
[Site "CR"]
[Date "2000.??.??"]
[Round "?"]
[White "Sykora, Josef"]
[Black "Vavrla, Zdenek"]
[Result "1/2-1/2"]
[WhiteElo "2310"]
[BlackElo "2405"]
[PlyCount "68"]
[EventDate "2000.??.??"]
[EventType "tourn (corr)"]

1. c4 e5 2. Nc3 Nf6 3. Nf3 Nc6 4. g3 Bb4 5. Bg2 O-O 6. O-O e4 7. Ng5 Bxc3 8.
bxc3 Re8 9. f3 e3 10. d3 d5 11. Qb3 Na5 12. Qa3 c6 13. cxd5 cxd5 14. f4 Nc6 15.
Rb1 Qc7 16. Bb2 Bg4 17. Rfe1 Rad8 18. Qa4 h6 19. Nf3 b6 20. Nd4 Nxd4 21. Qxd4
Qd7 22. Bc1 Qe6 23. a4 Bh3 24. Bf3 Rc8 25. Rb5 Qe7 26. a5 Bd7 27. Rb3 bxa5 28.
Ba3 Qe6 29. Qxa7 a4 30. Rb6 Bc6 31. Reb1 Qh3 32. Bg2 Qh5 33. Bf3 Qh3 34. Bg2
Qh5 1/2-1/2

[Event "4MCR_4D_1L_2S"]
[Site "CR"]
[Date "2000.??.??"]
[Round "?"]
[White "Trexler, Evzen"]
[Black "Bazant, Petr"]
[Result "1/2-1/2"]
[WhiteElo "2350"]
[BlackElo "2385"]
[PlyCount "104"]
[EventDate "2000.??.??"]
[EventType "tourn (corr)"]

1. e4 e5 2. Nf3 Nc6 3. Bb5 a6 4. Ba4 d6 5. O-O Bd7 6. c3 g6 7. d4 Bg7 8. Re1 b5
9. Bb3 Nf6 10. dxe5 Nxe5 11. Nxe5 dxe5 12. c4 Qe7 13. Nc3 c6 14. cxb5 axb5 15.
Qc2 O-O 16. a4 Ra5 17. Be3 b4 18. Nd1 c5 19. f3 Nh5 20. Bc4 Nf4 21. b3 h5 22.
Nb2 h4 23. Red1 Rd8 24. Qd2 Raa8 25. Qf2 Bf8 26. Nd3 Nxd3 27. Rxd3 Be6 28. Rxd8
Rxd8 29. Qc2 h3 30. a5 hxg2 31. a6 Ra8 32. Kxg2 Bc8 33. Qd2 Be6 34. Bg5 Qe8 35.
Bd5 Ra7 36. Bb7 Be7 37. Rb1 Qf8 38. h4 Kh7 39. Qf2 f6 40. Be3 Bc8 41. Rd1 Kh8
42. Qg3 Kh7 43. h5 g5 44. Bxc8 Qxc8 45. Qg4 Qxa6 46. Qf5+ Kh8 47. Rd2 Qc6 48.
h6 Qe8 49. Kg3 Qf8 50. h7 Rc7 51. Ra2 Bd6 52. Ra6 Rxh7 1/2-1/2

[Event "4MCR_4D_1L_2S"]
[Site "CR"]
[Date "2000.??.??"]
[Round "?"]
[White "Trexler, Evzen"]
[Black "Hlavac, Frantisek"]
[Result "1/2-1/2"]
[WhiteElo "2350"]
[BlackElo "2405"]
[PlyCount "83"]
[EventDate "2000.??.??"]
[EventType "tourn (corr)"]

1. e4 c5 2. Nf3 Nc6 3. d4 cxd4 4. Nxd4 g6 5. c4 Bg7 6. Be3 Nf6 7. Nc3 Ng4 8.
Qxg4 Nxd4 9. Qd1 Ne6 10. Rc1 b6 11. Qd2 Bb7 12. Be2 O-O 13. O-O Bxc3 14. Qxc3
Bxe4 15. Bh6 Re8 16. Rce1 f6 17. Bg4 Bc6 18. f4 Ng7 19. f5 Kf7 20. Bxg7 Kxg7
21. Re3 b5 22. c5 d6 23. Rfe1 Bd5 24. Qd2 Bf7 25. fxg6 Bxg6 26. Rh3 Kh8 27. Bh5
Bxh5 28. Rxh5 dxc5 29. Qc2 Qd4+ 30. Kh1 f5 31. Qxf5 Qg7 32. Qxc5 a6 33. Re6
Red8 34. h4 Rd6 35. Rg5 Rxe6 36. Rxg7 Kxg7 37. Qd4+ Kf7 38. Qd5 Rh8 39. g4 h6
40. Qf5+ Rf6 41. Qd5+ Re6 42. Qf5+ 1/2-1/2

[Event "4MCR_4D_1L_2S"]
[Site "CR"]
[Date "2000.??.??"]
[Round "?"]
[White "Trexler, Evzen"]
[Black "Pletanek, Jan"]
[Result "1/2-1/2"]
[WhiteElo "2350"]
[BlackElo "2440"]
[PlyCount "58"]
[EventDate "2000.??.??"]
[EventType "tourn (corr)"]

1. e4 c5 2. Nf3 d6 3. d4 cxd4 4. Nxd4 Nf6 5. Nc3 a6 6. Bg5 e6 7. f4 Be7 8. Qf3
Qc7 9. O-O-O Nbd7 10. g4 b5 11. Bxf6 Nxf6 12. g5 Nd7 13. f5 Nc5 14. f6 gxf6 15.
gxf6 Bf8 16. Rg1 h5 17. a3 Bd7 18. Bh3 Rb8 19. Rde1 b4 20. Nd5 Qa5 21. Nxb4
Rxb4 22. axb4 Qa1+ 23. Kd2 Qxb2 24. bxc5 Qxd4+ 25. Qd3 Bh6+ 26. Kd1 Qb2 27.
Qxd6 Qc1+ 28. Ke2 Qe3+ 29. Kd1 Qc1+ 1/2-1/2

[Event "4MCR_4D_1L_2S"]
[Site "CR"]
[Date "2000.??.??"]
[Round "?"]
[White "Trexler, Evzen"]
[Black "Riha, Jan"]
[Result "1-0"]
[WhiteElo "2250"]
[BlackElo "2305"]
[PlyCount "94"]
[EventDate "2000.??.??"]
[EventType "tourn (corr)"]

1. e4 e5 2. Nf3 Nf6 3. Nxe5 d6 4. Nf3 Nxe4 5. d4 d5 6. Bd3 Be7 7. O-O Nc6 8.
Re1 Bg4 9. c4 Nf6 10. cxd5 Bxf3 11. Qxf3 Qxd5 12. Qxd5 Nxd5 13. Be4 O-O-O 14.
Nc3 Bb4 15. Bd2 Nf6 16. Bxc6 bxc6 17. Be3 Nd5 18. Rac1 Nxe3 19. fxe3 c5 20. a3
Bxc3 21. bxc3 Rhe8 22. Kf2 Rd6 23. Rb1 Ra6 24. Ra1 f5 25. h4 Re4 26. g3 Kd7 27.
Ke2 Rae6 28. Kd3 Rg6 29. Rg1 c4+ 30. Kd2 Reg4 31. Raf1 Ke6 32. Rf4 Rxg3 33. d5+
Kxd5 34. Rxg3 Rxg3 35. Rxf5+ Kc6 36. a4 Rg2+ 37. Kd1 h6 38. Rf4 Kd5 39. Rd4+
Kc5 40. Rd7 Kb6 41. Rd4 h5 42. Rxc4 c5 43. Re4 Rg4 44. Re6+ Ka5 45. Re5 g6 46.
Rxc5+ Kxa4 47. Ke2 Rxh4 1-0

[Event "4MCR_4D_1L_2S"]
[Site "CR"]
[Date "2000.??.??"]
[Round "?"]
[White "Trexler, Evzen"]
[Black "Svihel, Karel"]
[Result "1/2-1/2"]
[WhiteElo "2350"]
[BlackElo "2295"]
[PlyCount "60"]
[EventDate "2000.??.??"]
[EventType "tourn (corr)"]

1. e4 c5 2. Nf3 d6 3. d4 cxd4 4. Nxd4 Nf6 5. Nc3 a6 6. Bg5 e6 7. f4 Qb6 8. Nb3
Be7 9. Qf3 Nbd7 10. O-O-O Qc7 11. g4 b5 12. a3 Rb8 13. Bxf6 Bxf6 14. g5 Bxc3
15. Qxc3 Qxc3 16. bxc3 Ke7 17. Na5 Bb7 18. Nxb7 Rxb7 19. Rg1 Rc7 20. Rg3 Nb6
21. f5 Rhc8 22. fxe6 fxe6 23. g6 hxg6 24. Rxg6 Kf7 25. Rg3 Rc6 26. Rd2 Nd7 27.
Rdg2 Rg8 28. Rf2+ Nf6 29. Bd3 Rc5 30. Kb2 Ke7 1/2-1/2

[Event "4MCR_4D_1L_2S"]
[Site "CR"]
[Date "2000.??.??"]
[Round "?"]
[White "Trexler, Evzen"]
[Black "Svoboda, Frantisek"]
[Result "1-0"]
[WhiteElo "2350"]
[BlackElo "2420"]
[PlyCount "73"]
[EventDate "2000.??.??"]
[EventType "tourn (corr)"]

1. e4 e6 2. d4 d5 3. Nd2 Nf6 4. e5 Nfd7 5. f4 c5 6. c3 Nc6 7. Ngf3 Qb6 8. Nb3
cxd4 9. cxd4 a5 10. a4 Bb4+ 11. Kf2 f6 12. Be3 O-O 13. Bd3 Be7 14. Qc2 f5 15.
Bb5 Nb4 16. Qe2 Rd8 17. Rhg1 Nf8 18. Nc5 Nd7 19. Nd3 Nf8 20. Nxb4 Bxb4 21. g4
Be7 22. Rg3 fxg4 23. Rxg4 Bd7 24. Rag1 g6 25. Bd3 Bxa4 26. h4 Be8 27. h5 Rdc8
28. hxg6 Bxg6 29. Bxg6 hxg6 30. Rxg6+ Nxg6 31. Rxg6+ Kf7 32. Ng5+ Ke8 33. Nxe6
Qb3 34. Nc5 Bxc5 35. dxc5 d4 36. Bxd4 Qd5 37. Rd6 1-0